| 000 | 02161cam a22004094i 4500 | ||
|---|---|---|---|
| 003 | PE-LiUPU | ||
| 005 | 20250731175616.0 | ||
| 008 | 150616s r 000 0 d | ||
| 035 | _a(Sirsi) a1037 | ||
| 040 |
_aPE-LiUPU _bspa _cPE-LiUPU _erda |
||
| 049 | _aPRUA | ||
| 082 | 0 | 4 |
_a415.468 _bC26 _221 |
| 245 | 0 | 0 |
_aGramatica de la lengua latina para el uso de los que hablan castellano / _cM. A. Caro, R. J. Cuervo. |
| 264 | 1 |
_aBogotá : _bInstituto Caro yu Cuervo, _c1972. |
|
| 300 |
_a942 páginas ; _c22 cm |
||
| 336 |
_atext _2rdacontent |
||
| 337 |
_aunmediated _2rdamedia |
||
| 338 |
_avolume _2rdacarrier |
||
| 504 | _aNota Bibliografica. | ||
| 505 | 0 | _aNociones preeliminar: -Del sustantivo -- Del adjetivo -- Del verbo -- Del adverbio -- De la preposición -- De la conjugación -- De la interjección -- Sintaxis general: -De la preposición -- Del predicado -- De la concordancia -- De las preposiciones regulares -- De las preposiciones irregulares -- De la unión de las preposiciones -- De la preposición infinitiva -- De la preposición subjuntiva -- de la proposición interrogativa -- De las preposiciones accesorias -- Sintaxis Particular: -De los adverbios -- De los comparativos -- De los superlativos -- De los numerales -- De los relativos -- Pronombres varios -- De los pronombres de tercera persona -- Del nominativo y vocativo -- Del genitivo -- Del ablativo -- Del acusativo -- Del dativo -- Complementos de espacio y tiempo y otros. | |
| 526 | _aP145 | ||
| 526 | _aP127 | ||
| 526 | _aP97 | ||
| 526 | _aP35 | ||
| 526 | _aP14 | ||
| 526 | _aP07 | ||
| 650 | 0 | 4 |
_aLatín _xGramática. |
| 700 | 1 | _aCaro, M. A. | |
| 700 | 1 | _aCuervo, R. J. | |
| 910 |
_ajck _bjvq _cjck |
||
| 942 |
_2ddc _cBOOK |
||
| 949 |
_a415.468 C26 _wDEWEY _c1 _i36665 _lCCODEBUL1 _mBUL _p00.00 _r0 _sY _tBOOK _u19940713 _xEDUCACION _PP20 _0COMPRA _o.STAFF. Colección General |
||
| 994 |
_aC0 _bPEPRU |
||
| 596 | _a1 | ||
| 999 |
_a415.468 C26 _wDEWEY _c408 _i36665 _f2021-11-5 _g5 _lCCODEBUL1 _mBUL _r0 _sY _tBOOK _u2015-6-16 _xBIBLIOTECA _PP20 _0COMPRA _o.STAFF. Colección General _d408 |
||
| 980 |
_81 _gALBERTO SANCHEZ Responsable de Automatización |
||